LEADER 01042nam 2200265la 450 001 9910481559903321 005 20230503103135.0 035 $a(UK-CbPIL)2090306463 035 $a(CKB)5500000000106916 035 $a(EXLCZ)995500000000106916 100 $a20230503d1600 uy | 101 0 $aita 135 $aurcn||||a|bb| 200 12$aL'imperio di Tiberio Cesare scritto da Cornelio Tacito nelli Annali espresso in lingua fiorentina propria da Bernardo Dauanzati Bosti?chi 210 $aFlorence $cFilippo Giunta$d1600 215 $aOnline resource ([12], 603 [i.e. 203, 25] p., 4º) 300 $aReproduction of original in Biblioteca Nazionale Centrale di Firenze. 700 $aTacitus$b Cornelius$05717 701 $aDavanzati$b Bernardo$f1529-1606.$071741 801 0$bUk-CbPIL 801 1$bUk-CbPIL 906 $aBOOK 912 $a9910481559903321 996 $aL'imperio di Tiberio Cesare scritto da Cornelio Tacito nelli Annali espresso in lingua fiorentina propria da Bernardo Dauanzati Bostíchi$92127483 997 $aUNINA